000 00543nam a22001697a 4500
008 170817b xxu||||| |||| 00| 0 eng d
020 _a9715421148
082 _21996
_aDFil 959.9026
_bM28
100 _922260
_aMajul, Cesar A.
245 _aMabini and the Philippine revolution/
_cCesar A. Majul.
250 _a1996 ed.
260 _aQuezon City:
_bUP Press,
_cc1996.
300 _axvii, 404 pages;
_c24 cm.
500 _aIncludes bibliographical references and index.
650 0 _922259
_aMabini, Apolinario, 1864-1903
942 _2ddc
_cDFIL
999 _c7324
_d7324